000
00286nam a22001217a 4500
008
170622b xxu||||| |||| 00| 0 eng d
041
_a
eng
080
_a
94(4)
100
_a
18
101
_a
SHH
245
_a
THE RUSIAN REVOLUTION AND BOLSHEVIK VICTORY
_c
SUNY.R
942
_2
udc
_c
BK
999
_c
18618
_d
18618